| 000 -LEADER |
| fixed length control field |
00348nam a22001337a 4500 |
| 008 - FIXED-LENGTH DATA ELEMENTS--GENERAL INFORMATION |
| fixed length control field |
241202b 2000 ||||| |||| 00| 0 eng d |
| 020 ## - INTERNATIONAL STANDARD BOOK NUMBER |
| International Standard Book Number |
1870077547 |
| 082 ## - DEWEY DECIMAL CLASSIFICATION NUMBER |
| Classification number |
657.45 |
| Item number |
VER |
| 100 ## - MAIN ENTRY--PERSONAL NAME |
| Personal name |
Vervloesem, Walter |
| 245 ## - TITLE STATEMENT |
| Title |
Ship survey and audit companion |
| 260 ## - PUBLICATION, DISTRIBUTION, ETC. (IMPRINT) |
| Place of publication, distribution, etc |
London |
| Name of publisher, distributor, etc |
The Nautical Institute |
| Date of publication, distribution, etc |
2000 |
| 300 ## - PHYSICAL DESCRIPTION |
| Extent |
xii,260p. |
| 942 ## - ADDED ENTRY ELEMENTS (KOHA) |
| Item type |
Books |